000 00425nam a2200193Ia 4500
008 240510s9999 xx 000 0 und d
041 _aEng
082 _a519.2:301
082 _bB41
100 _aBLABOCK, Hubert M.
245 0 _aSocial Statistics
250 _a2nd ed.
260 _bBLALOCK, Hubert M.
260 _c1972
300 _a583 p.
650 _aStatistics : Sociology
942 _2ddc
942 _cLBK
999 _c23575
_d23575
945 _a1
_bMadushi Gamage
_c1
_dMadushi Gamage